Statistiques concernant Les Pokemon les plus populaires en 2020 !

Cliquez ici pour prendre le quiz!

Statistiques générales

  • Ce quiz a été pris 102 fois
  • Le résultat moyen est 10 sur 30

Statistiques - réponses

NuméroPokemon% Correct
19Pikachu
95%
4Dracaufeu
92%
1Amphinobi
61%
2Lucario
60%
20Evoli
56%
8Rayquaza
52%
13Bulbizarre
49%
7Carchacrok
49%
10Ectoplasma
49%
29Brasegali
44%
15Lugia
40%
12Tyranocif
40%
9Gardevoir
39%
5Noctali
39%
28Jungko
33%
6Nymphali
33%
3Mimiqui
25%
23Zoroark
22%
22Archeduc
21%
21Luxray
17%
27Trioxhydre
17%
26Libegon
15%
17Exagide
14%
11Lanssorien
14%
25Corvaillus
10%
14Salarsen
10%
16Brindibou
9%
24Lougaroc
9%
18Lugulabre
7%
30Frissonille
6%

Distribution des résultats

Percentile par nombre de réponses

% des personnes avec chaque résultat

Votre développement - résultats

Vous n’avez pas pris ce quiz